00315nam a2200097Ia 4500008004000000082001200040100002100052245004500073260002600118650007300144210210b1920 xxu||||| |||| 00| 0 eng d a150/122 aWALLAS (Graham). aGreat society: a psychological analysis. abNot Mentionedc1920 aSociety: a psychological analysis Psychological analysis of society